عقود الدولة في القانون الدولي / (رقم التسجيلة. 29139)

تفاصيل مارك
000 -الفاتح
حقل البيانات ثابتة الطول 00658nam a22001937a 4500
003 - محدد رقم الضبط
رقم الضبط OSt
005 - وقت وتاريخ اخر تعامل مع التسجيلة
رقم الضبط 20150408114127.0
008 - عناصر البيانات ثابتة الطول - معلومات عامة
حقل البيانات ثابتة الطول 130316s 2010le ||||g |||| 00| 0 ara d
040 ## - مصدر الفهرسة
وكالة الفهرسة الأصلية Ma-un
082 ## - رقم تصنيف ديوى العشرى
رقم التصنيف 341.75 ا ب ع
100 ## - المدخل الرئيسى - إسم شخصى
الإسم الشخصى الأسعد، بشار محمد
9 (RLIN) 34465
245 ## - بيان العنوان
العنوان عقود الدولة في القانون الدولي /
بيان المسئوليه,etc تأليف بشار محمد الأسعد.
250 ## - بيان الطبعة
بيان الطبعة ط. 1.
260 ## - PUBLICATION, DISTRIBUTION, ETC. (IMPRINT)
مكان الناشر او الموزع بيروت :
اسم الناشر او الموزع منشورات زين الحقوقية،
تاريخ النشر أو التوزيع 2010
300 ## - الوصف المادى
التعداد 352 ص. ؛
أبعاد الوعاء 24 سم.
650 ## - المدخل الاضافى بالموضوع-مصطلح موضوعى
مصطلح موضوعي أو اسم جغرافي كعنصر مدخل العقود
التقسيم الفرعي العام (قانون مدني)
650 ## - المدخل الاضافى بالموضوع-مصطلح موضوعى
مصطلح موضوعي أو اسم جغرافي كعنصر مدخل العقود الدولية
9 (RLIN) 34466
942 ## - عناصر المدخل الإضافي( كوها)
مصدر التصنيف او مخطط الترفيف Dewey Decimal Classification
Koha [default] item type كتاب
المقتنيات
حالة الفقد نموذج السعر الفعال حالة تلف ليس للاعارة رقم الطلب رقم النسخة تاريخ الاكتساب الموقع الحالي الباركود الفرع الرئيسي Date last seen نوع المادة فى نظام كوها مصدر التصنيف او خطة الترفيف Total Checkouts
  2013-03-16   Not For Loan 341.75 ا ب ع 1 2013-03-16 المكتبة المركزية بالمجمعة (CL) 00305670 المكتبة المركزية بالمجمعة (CL) 2013-03-16 كتاب Dewey Decimal Classification  
  2013-03-16     341.75 ا ب ع 2 2013-03-16 المكتبة المركزية بالمجمعة (CL) 00305671 المكتبة المركزية بالمجمعة (CL) 2013-03-16 كتاب Dewey Decimal Classification  
  2013-03-16     341.75 ا ب ع 3 2013-03-16 المكتبة المركزية بالمجمعة (CL) 00305672 المكتبة المركزية بالمجمعة (CL) 2013-03-16 كتاب Dewey Decimal Classification  
  2013-03-16   Not For Loan 341.75 ا ب ع 1 2013-03-16 مكتبة كلية التربية بالزلفى - طالبات (EZF) 00305668 مكتبة كلية التربية بالزلفى - طالبات (EZF) 2013-03-16 كتاب Dewey Decimal Classification  
  2013-03-16     341.75 ا ب ع 2 2013-03-16 مكتبة كلية التربية بالزلفى - طالبات (EZF) 00305669 مكتبة كلية التربية بالزلفى - طالبات (EZF) 2013-03-16 كتاب Dewey Decimal Classification